• 首页
  • 本馆介绍
  • 公告通知
  • 最新文献
  • 馆藏检索
  • 电子资源
  • 读者导购
  • 参考咨询
  • 我的图书馆
  • 登录
  • 详细信息显示
  • 放入我的书架
  • 预约/预借图书
  • 作者相关作品
  • 分类相关作品
  • 丛书相关作品
  • 出版社相关作品

书目信息

  • 表格格式
  • 工作单格式
  • 卡片格式
题名:
马克思历史规律理论的当代诠释
    
 
作者: 李国泉 著
分册:  
出版信息:    
页数: 224页
开本: 20cm
丛书名:
单 册:
中图分类: A811.692
科图分类:
主题词: 马恩著作--学习 , 马恩著作研究
电子资源:
ISBN: 7-5117-3663-7
000 00611nam0 2200193 450
001 2430474527
005 20240527083103.70
010    @a7-5117-3663-7@dCNY78.00
100    @a20240527d km y0chiy0120 ea
101 0  @achi
200 1  @a马克思历史规律理论的当代诠释@AMa Ke Si Li Shi Gui Lu Li Lun De Dang Dai Quan Shi@f李国泉著@FLi Guo Quan Zhu
215    @a224页@d20cm
300    @a马克思诞辰200周年纪念文库
606 0  @a马恩著作@x学习
606 0  @a马恩著作研究
690    @aA811.692@v4
701  0 @a李国泉@ALi Guo Quan@4著
801  0 @aCN@b大连网信软件有限公司图书馆·11@c20240527
905    @aZUCC@dA811.692@eSK9
    
    马克思历史规律理论的当代诠释/李国泉著
    224页;20cm
    马克思诞辰200周年纪念文库
    
    ISBN 7-5117-3663-7:CNY78.00
    
●
相关链接 在E读中查询图书 在五车中查询图书 在当当中查询图书 在豆瓣中查询图书


正题名:马克思历史规律理论的当代诠释     索取号:A811.692/SK9         预约/预借

序号 登录号 条形码 馆藏地/架位号 状态 备注
1 1409081   214090810   密集书库-马院/ [索取号:A811.692/SK9] 在馆    
唐山师范学院图书馆 欢迎您!
大连网信软件有限公司© 版权所有